Gemeinden, Märkte und Städte im Landkreis Kelheim - Statistiken

Allgemein
  • Dieses Quiz wurde 15 mal gespielt
  • Das Durchschnittsergebnis liegt bei 9 aus 20
Antworten auf der Karte
Die Antworten werden auf der Karte rot bzw. grün angezeigt, abhängig davon wie oft sie richtig erraten wurden.
 
Antwortstatistiken
Antwort % Korrekt
Ihrlerstein
100%
Kelheim
100%
Herrngiersdorf
67%
Bad Abbach
50%
Neustadt an der Donau
50%
Riedenburg
50%
Rohr in Niederbayern
50%
Teugn
50%
Abensberg
33%
Aiglsbach
33%
Attenhofen
33%
Biburg
33%
Hausen
33%
Kirchdorf in der Hallertau
33%
Langquaid
33%
Mainburg
33%
Painten
33%
Saal an der Donau
33%
Siegenburg
33%
Train
33%
Elsendorf
0%
Essing
0%
Volkenschwand
0%
Wildenberg
0%
Keine übereinstimmenden Quizze gefunden
Verteilung der Resultate
Anzahl Personen mit jedem Resultat
Perzentil nach korrekt beantworteten Fragen
Ihre Resultats-Entwicklung
Sie haben dieses Quiz noch nicht gespielt